Formation evaluation and reservoir geology (Record no. 164919)
[ view plain ]
| 000 -LEADER | |
|---|---|
| fixed length control field | 00662nam a2200193 a 4500 |
| 008 - FIXED-LENGTH DATA ELEMENTS--GENERAL INFORMATION | |
| fixed length control field | |
| 049 ## - LOCAL HOLDINGS (OCLC) | |
| Holding library | MAIN |
| 090 ## - LOCALLY ASSIGNED LC-TYPE CALL NUMBER (OCLC); LOCAL CALL NUMBER (RLIN) | |
| Classification number (OCLC) (R) ; Classification number, CALL (RLIN) (NR) | TN871.15 SOC |
| 003 - CONTROL NUMBER IDENTIFIER | |
| control field | |
| 005 - DATE AND TIME OF LATEST TRANSACTION | |
| control field | 20230123134359.0 |
| 040 ## - CATALOGING SOURCE | |
| Transcribing agency | NUST |
| 111 ## - MAIN ENTRY--MEETING NAME | |
| Meeting name or jurisdiction name as entry element | 1994 SPE Annual Technical Conference and Exhibition : |
| Date of meeting or treaty signing | (1994 Sept. 25 -28 : |
| Location of meeting | New Orleans, Louisiana) |
| 245 10 - TITLE STATEMENT | |
| Title | Formation evaluation and reservoir geology |
| 260 ## - PUBLICATION, DISTRIBUTION, ETC. | |
| Place of publication, distribution, etc. | New Orleans : |
| Name of publisher, distributor, etc. | Society of Petroleum Engineers, |
| Date of publication, distribution, etc. | c1994. |
| 300 ## - PHYSICAL DESCRIPTION | |
| Extent | 992 p. : |
| Other physical details | ill. (some col.) ; |
| Dimensions | 28 cm. |
| 500 ## - GENERAL NOTE | |
| General note | Includes bibliographical references. |
| 907 ## - LOCAL DATA ELEMENT G, LDG (RLIN) | |
| a | .b10232084 |
| b | 15-02-07 |
| c | 15-02-07 |
| 942 ## - ADDED ENTRY ELEMENTS (KOHA) | |
| Koha item type | Ordinary Loan Books |
| Call number prefix | TN871.15 SOC |
No items available.